Score 0/15 Timer 02:00
0 Plays Today
Hint Missing Word % Correct
The _____ Sleeps TonightLion
93.2%
_____, Stock and Two Smoking Barrels Lock
89.4%
International Talk _____ a Pirate DayLike
88.2%
Cagney & _____Lacey
81.9%
Magna Cum _____Laude
80.2%
Yves Saint _____Laurent
80.1%
Lex _____Luthor
64.8%
Newfoundland and _____Labrador
60.7%
Hint Missing Word % Correct
Pope _____ XIIILeo
56.1%
The No. 1 _____' Detective Agency Ladies
51.3%
_____BigPlanetLittle
50.6%
_____ DavenportLindsay
46.3%
Hanseatic _____League
29.1%
Ada _____Lovelace
22.5%
_____ Up - BadgeLevel
19.1%

Today's Daily Dose

Remove Ads.
Support Sporcle.
Get the best of Sporcle when you Go Orange. This ad-free experience offers more features, more stats, and more fun while also helping to support Sporcle. Thank you for becoming a member.

You're not logged in!

Compare scores with friends on all Sporcle quizzes.
OR
Log In

Show Comments

Extras

Top Quizzes Today


Score Distribution

Your Account Isn't Verified!

In order to create a playlist on Sporcle, you need to verify the email address you used during registration. Go to your Sporcle Settings to finish the process.

Report this User

Report this user for behavior that violates our Community Guidelines.

Details: